000 00607nam a22001815i 4500
001 156360
003 ES-MaACL
005 20250807214605.0
008 040728s1882 sp |||| | spa d
040 _aCAM
_bspa
_cCAM
100 1 _aJimeno, Ambrosio.
_9128310
245 1 3 _aLa mujer ante el hombre
_b: estudio social /
_cpor Ambrosio Jimeno.
260 _aZaragoza :
_b[s.n.],
_c1882 (
_fEstablecimiento tipográfico de C. Ariño)
300 _aXXXII, 331 p. ;
_c19 cm.
650 0 4 _aMujeres-
_yS.XIX
_915313
852 _aES-MaACL
_jG-7411
_z-- Enc. pasta española
999 _c156360
_d156360